000
00299nam a2200121Ia 4500
005
20251222154430.0
008
251222s9999||||xx |||||||||||||| ||spa||
020
_a
978-607-448-032-0
082
_a
610.736.8/N66/Ej.2
100
_a
"Niven, Neil"
245
0
_a
PsicologĂa en enfermerĂa
942
_c
LIB
999
_c
36366
_d
36366